000 00263nam a22001217a 4500
008 181220b xxu||||| |||| 00| 0 eng d
041 _aeng
080 _a510
100 _a36
101 _aMAT
245 _aX-Ray Crystallography
_cBuerger,M.J
942 _2udc
_cBK
999 _c53535
_d53535